000 01126cam a2200373Mi 4500
001 ocm57280645
003 OCoLC
005 20110926072439.0
008 041201s2004 fr 000 0 fre d
020 _a2753500150
020 _a9782753500150
035 _a(OCoLC)57280645
040 _aTZT
_cTZT
_dMUQ
_dNYDWH
_dUQ1
049 _aTZAA
050 4 _aKJV
072 7 _aKJV
_2lcco
082 1 4 _a343
_21
100 1 _aLe Bayon, Alain.
_95221
245 1 0 _aDictionnaire du droit maritime /
_cAlain Le Bayon.
260 _aRennes :
_bPresses universitaires de Rennes,
_c2004.
300 _a280 p.
490 1 _aDidact droit
650 6 _aDroit maritime
_zFrance
_vDictionnaires français.
_95222
650 1 7 _aMARITIME LAW.
_2unbist
_95223
650 2 7 _aFRENCH LANGUAGE.
_2unbist
_95224
650 2 7 _aDICTIONARIES.
_2unbist
_95225
650 7 _aDroit international
_2rasuqam
_95226
650 1 7 _aDroit maritime
_2rasuqam
_95227
651 7 _aFrance
_2rasuqam
_95228
653 _aLaw of the sea
655 7 _aDictionnaire (Descripteur de forme)
_2rasuqam
_95229
830 0 _aDidact droit.
_95230
942 _2lcc
_cBOOK
999 _c1343
_d1343